| 000 | 00645nam a2200181Ia 4500 | ||
|---|---|---|---|
| 008 | 151018s9999 xx 000 0 und d | ||
| 082 |
_bRBASDV7766 _a891.462 |
||
| 100 | _aकेशव दत्ता | ||
| 245 | _aरात्र थोडी सोंगे फार | ||
| 250 | _b1 | ||
| 260 |
_bमॅजेस्टीक प्रकाशन मुंबई _c1973 |
||
| 300 | _a85 | ||
| 600 | _aकेशव दत्ता | ||
| 630 | _aरात्र थोडी सोंगे फार | ||
| 700 | _aकेशव दत्ता | ||
| 730 | _aरात्र थोडी सोंगे फार | ||
| 942 | _cBOOK | ||
| 999 |
_c1010131 _d1010128 |
||